Tilastot visalle Guinea-visa

Klikkaa tästä pelataksesi tätä visaa!

Yleistilastot

  • Tätä visaa on pelattu 171 kertaa
  • Keskiarvotulos 12 / 16

Vastaustilastot

VihjeVastaus% Oikein
NaapurimaatGuinea-Bissau
98%
NaapurimaatMali
98%
NaapurimaatSenegal
97%
NaapurimaatSierra Leone
95%
NaapurimaatNorsunluurannikko
91%
Virallinen kieliRanska
90%
Hallitseva uskontoIslam
89%
NaapurimaatLiberia
88%
KansalliseläinAfrikannorsu
87%
Tauti, jonka aiheuttama epidemia alkoi Guineassa 2014Ebola
86%
Guinean pääkaupunkiConakry
76%
Suuri joki, joka saa alkunsa Guinean ylängöiltäNigerjoki
71%
ValuuttaFrangi
70%
Guinea on tämän alumiinin raaka-aineen toiseksi suurin tuottajamaaBauksiitti
37%
Suurin etninen ryhmäFulbet
37%
Guinean presidentti vuosina 1984-2008Lansana Conté
30%

Tulosjakauma

Persentiili vastausten määrän mukaan

Jokaisen tuloksen saaneiden osuus

Tuloshistoriasi

Et ole pelannut tätä visaa